|
|
|
|
| LEADER |
01590nam a2200457 a 4500 |
| 001 |
nkc20112171550 |
| 003 |
CZ PrNK |
| 005 |
20110617122017.0 |
| 007 |
ta |
| 008 |
110413s2011 xr a e f 000 0 slv |
| 015 |
|
|
|a cnb002171550
|
| 020 |
|
|
|a 978-80-7370-159-8
|q (brož.)
|
| 035 |
|
|
|a (OCoLC)741402175
|
| 040 |
|
|
|a BOA001
|b cze
|d ABA001
|
| 041 |
1 |
|
|a slv
|h eng
|
| 072 |
|
7 |
|a 133
|x Ezoterismus. Okultismus
|2 Konspekt
|9 17
|
| 080 |
|
|
|a 2-167.25
|2 MRF
|
| 080 |
|
|
|a 133.3:794.43
|2 MRF
|
| 080 |
|
|
|a (035)
|2 MRF
|
| 080 |
|
|
|a (0.026.6)794.43
|2 MRF
|
| 100 |
1 |
|
|a Virtue, Doreen,
|d 1958-
|7 xx0004635
|4 aut
|
| 245 |
1 |
0 |
|a Nadangel Mihael preroške karte /
|c Doreen Virtue ; [po angleškem izvirniku ... prevedla Meta Komar]
|
| 250 |
|
|
|a 1. izd.
|
| 260 |
|
|
|a [Praha] :
|b Synergie,
|c c2011
|
| 300 |
|
|
|a 111 s. :
|b il. ;
|c 13 cm +
|e 44 vykládacích karet
|
| 500 |
|
|
|a Uloženo v kartonové krabici (14 x 10 x 3 cm)
|
| 500 |
|
|
|a 4000 výt.
|
| 650 |
0 |
7 |
|a Michael (archanděl)
|7 ph553841
|2 czenas
|
| 650 |
0 |
7 |
|a vykládání karet
|7 ph138942
|2 czenas
|
| 650 |
0 |
9 |
|a Michael (archangel)
|2 eczenas
|
| 650 |
0 |
9 |
|a fortune telling by cards
|2 eczenas
|
| 655 |
|
7 |
|a příručky
|7 fd133209
|2 czenas
|
| 655 |
|
7 |
|a vykládací karty
|7 fd133822
|2 czenas
|
| 655 |
|
9 |
|a handbooks and manuals
|2 eczenas
|
| 655 |
|
9 |
|a fortune telling cards
|2 eczenas
|
| 765 |
0 |
|
|t Archangel Michael oracle cards
|9 Slovinsky
|
| 910 |
2 |
|
|a BOA001
|b Z-1263.509
|
| 990 |
|
|
|a BK
|
| 995 |
|
|
|a 01
|
| 991 |
|
|
|b 201104
|c NOV
|e n
|
| 996 |
6 |
|
|b 2610475921
|c Z-1263.509
|l MZK
|r Sklad / do 24 hodin
|n 0
|p p.v.
|w 001175347
|u 000010
|a 1
|e BOA001
|j MZK50
|s P
|